000 00213nam a22000857a 4500
008 170210b xxu||||| |||| 00| 0 eng d
100 _92847
_aMehrotra. D
245 _aComputer learning
260 _aNew Delhi
_bChand
_c2008
999 _c6068
_d6068